000 00287nam a22001337a 4500
008 170811b xxu||||| |||| 00| 0 eng d
020 _a9780618501922
041 _aeng
080 _a51
100 _a36
101 _aMAT
245 _aINTEGRATED CALCULUS
_cTAALMAN,L
942 _2udc
_cBK
999 _c23225
_d23225